[Event "Munich SKA"]
[Site "Munich"]
[Date "1994.05.31"]
[Round "9"]
[White "Nikolic, Predrag"]
[Black "Ivanchuk, Vassily"]
[Result "1/2-1/2"]
[WhiteElo "2625"]
[BlackElo "2710"]
[Annotator "Stohl,I"]
[PlyCount "130"]
[EventDate "1994.05.21"]
[EventType "tourn"]
[EventRounds "11"]
[EventCountry "GER"]
[EventCategory "16"]
[SourceTitle "CBM 042"]
[Source "ChessBase"]
[SourceDate "1994.10.01"]
[SourceVersion "1"]
[SourceVersionDate "1994.10.01"]
[SourceQuality "1"]

1. d4 Nf6 2. c4 e6 3. Nf3 c5 4. d5 exd5 5. cxd5 d6 6. Nc3 g6 7. g3 Bg7 8. Bg2
O-O 9. O-O Re8 (9... a6 10. a4 Nbd7 11. Rb1 Re8 12. b4 Qc7 $1 (12... Ng4 13.
Qb3 cxb4 14. Qxb4 Nc5 15. Bg5 Bxc3 16. Qxc3 Ne4 17. Qc1 Nxg5 18. Qxg5 Qxg5 19.
Nxg5 Rxe2 20. Rb6 $14 {Alburt,L-Sigurjonsson,G/Reykjavik/1984/}) 13. Bd2 Nb6
14. Ng5 Bf5 15. bxc5 Qxc5 16. Rc1 Nc4 17. h3 Qb6 $15 18. Be1 $2 Ne3 $19 {
Nikolic,Pr-Velimirovic,D/JUG-ch/1983/}) 10. Nd2 Nbd7 11. Rb1 (11. h3 Nh5 (11...
Nb6 12. a4 Bd7 13. a5 Nc8 14. Nc4 Qc7 15. e4 b5 16. axb6 Nxb6 17. Na3 a6 18.
Re1 Rab8 19. Kh2 Nc8 20. Bf1 Qb7 21. Qd3 Ra8 22. Qf3 h6 23. Nc4 Bb5 24. Na5 $16
{Capablanca,J-Marshall,F/New York/1927/}) (11... b6 $5 12. Re1 Ba6 13. a4 h5
14. Nb5 Bxb5 15. axb5 h4 16. g4 Ne5 17. f4 Nexg4 18. hxg4 Nxg4 19. Nf1 h3 20.
Bxh3 Qh4 21. Bxg4 Qxg4+ 22. Kh1 Re5 $1 23. fxe5 Qe4+ 24. Kg1 Qg4+ {0,5/
Donner-Milic/Beverwijk/1955/}) 12. Nde4 Ndf6 13. g4 Nxe4 14. Nxe4 f5 $1 15.
Nxd6 Qxd6 16. gxh5 f4 17. hxg6 hxg6 18. Qb3 g5 19. Re1 g4 20. hxg4 Bxg4 21. Qc4
Bd4 $44 {|^,Akopian,V-Shabalov,A/Minsk/1990/}) (11. a4 Ne5 12. h3 g5 $5 13.
Nde4 Nxe4 14. Nxe4 h6 15. f4 gxf4 16. gxf4 Ng6 17. f5 Nh4 18. f6 Nxg2 19. Qd3
Nh4 20. Qg3 Ng6 21. Nxd6 Re5 22. Nxf7 Kxf7 23. fxg7+ Kxg7 24. b4 $1 $44 {
Uhlmann,W-Larsen,B/Beverwijk/1961/}) (11. Nc4 Nb6 12. Nxb6 (12. Ne3 Ng4 13.
Nxg4 Bxg4 14. h3 Bd7 15. Bf4 Nc4 16. Qc2 b5 17. b3 Na3 18. Qd2 f5 $1 19. Rac1
b4 20. Nd1 Qf6 21. h4 a5 22. Ne3 a4 23. Bf3 axb3 24. axb3 Nb5 25. Nc4 Ra6 $17 {
Unzicker,W-Anikaev,Y/Moskva/1982/}) 12... Qxb6 13. Qc2 Bd7 14. Rb1 Qc7 15. a4
a6 16. Bd2 Rac8 17. e4 b5 18. b3 c4 19. axb5 axb5 20. b4 Ng4 $1 21. Ra1 Ra8 22.
Bf3 Ne5 23. Be2 f5 $36 {Goldin,A-Romanishin,O/URS-FL Irkutsk/1986/}) 11... a6
12. b4 $6 (12. a4 $142 Rb8 $5 13. b4 b5 14. axb5 axb5 15. Bb2 (15. bxc5 $2 b4
16. Nce4 Nxc5 17. Nxc5 dxc5 18. e4 Ba6 19. Qb3 c4 $1 20. Nxc4 Nxe4 21. Re1 Nc5
{0-1,Vaganian,R-Tseshkovsky,V/URS-ch/1974/}) 15... Ne5 (15... Nb6 16. Ba1 Ba6
17. h3 Na4 18. Re1 Nxc3 19. Bxc3 c4 20. Ra1 Bc8 21. e4 Bd7 22. Ra6 Ra8 23. Rxa8
Qxa8 24. Qa1 $36 {Sterud-Kauranen/cr Wch/1988/}) 16. Ba1 Bd7 17. h3 Nh5 18.
Nce4 Bf5 19. Rc1 cxb4 20. Qb3 Nc4 21. Qxb4 Bxe4 22. Nxe4 Bxa1 23. Rxa1 f5 24.
Nd2 Rxe2 25. Nxc4 bxc4 26. Qxc4 Re7 $10 {Smyslov,V-Ivanovic,B/Bugojno/1984/})
12... cxb4 13. Rxb4 Nc5 14. Nb3 Nfd7 15. Bb2 Nxb3 16. axb3 Nc5 $15 17. Na4 Bxb2
(17... a5 $5 18. Rf4 Bxb2 19. Nxb2 b5 $36) 18. Nxb2 Bd7 19. Rf4 Bb5 20. Re1 a5
21. e3 Rc8 22. h4 (22. Bf1 Bxf1 23. Rxf1 b5 $36 {/\} 24. b4 Ne4 {צf4}) 22...
f5 23. Rd4 Ba6 24. Bf1 Bxf1 25. Rxf1 Ne4 (25... b5 26. b4 axb4 27. Rxb4 Qa5 28.
Rd4 Ne4 {-25...Ne4}) 26. b4 b5 27. bxa5 Qxa5 28. Kg2 Qa2 (28... Rc7 {/\Rec8,Rc2
} 29. Nd3 Rec8 30. Nb4 $132) 29. Nd3 Rc2 30. Qb1 Rb8 31. Qxa2 Rxa2 32. Rb1 h5 (
32... Rd2 $5 $15) 33. Rdb4 Nc3 (33... Rd2 $5 34. R4b3 b4 {/\Nc3,Rb5} 35. R1b2
Rxb2 36. Rxb2 b3 37. Nc1 Nc5 {/\Rb4-c4} 38. Kf1 Rb4 39. Ke2 Rc4 40. Kd1 Rc3 41.
Kd2 Ne4+ 42. Kd1 Rc2 43. Rxc2 bxc2+ 44. Kxc2 Nxf2 45. Ne2 Ne4 46. Kd3 Kf7 $15)
34. R1b2 Rxb2 35. Nxb2 Kg7 (35... Nxd5 36. Rd4) 36. Rb3 Nxd5 37. Rd3 Nf6 38.
Rxd6 b4 (38... Ne4 39. Rd7+ {/\f3=}) 39. f3 b3 40. Rd3 Kf7 41. Kf2 Ke6 42. Ke2
Nd7 43. Rd4 Ne5 (43... Nc5 44. Kd2 Ra8 45. Kc3 $10) 44. e4 $1 Rc8 45. exf5+
gxf5 46. Na4 Rc2+ (46... Nc4 47. Rd3 $1 b2 48. Rb3 $10) 47. Kd1 Kf6 (47... Nxf3
48. Rd3 Ne5 49. Rxb3 Rg2 50. Rb6+ Kd5 51. Nc3+ {/\Ne2=}) 48. Rb4 Rc4 (48...
Nxf3 $5 49. Rxb3 Rd2+ 50. Kc1 Rf2 51. Nc5 Rf1+ 52. Kb2 $10) 49. Rxc4 Nxc4 50.
Nc5 $10 Ne3+ (50... b2 51. Kc2 Ke5 52. Nd3+ Kd4 53. Nf4 $1 (53. Nxb2 Ne3+ $1
$15) 53... Ke3 54. Nxh5 Kxf3 55. Ng7 $10) 51. Kc1 Nf1 52. Nxb3 Nxg3 53. Kd2 Ke5
(53... f4 54. Nd4 Ke5 55. Kd3 $10) 54. Kd3 f4 55. Nd4 Kd5 56. Nc2 Nf5 57. Nb4+
Ke5 58. Nc6+ Kd6 (58... Kd5 59. Nb4+ $10) 59. Ke4 $1 Nxh4 60. Ne5 Ng2 61. Ng6
h4 62. Nxf4 (62. Nxh4 $10) 62... Kd7 63. Kf5 (63. Nxg2 $2 h3 $19) 63... Ne1 64.
Kg4 h3 65. Nxh3 Nxf3 1/2-1/2

[Event "MK Cafe Cup-A"]
[Site "Koszalin"]
[Date "1999.08.04"]
[Round "2"]
[White "Burmakin, Vladimir"]
[Black "Degraeve, Jean Marc"]
[Result "0-1"]
[WhiteElo "2579"]
[BlackElo "2542"]
[Annotator "Stohl,I"]
[PlyCount "124"]
[EventDate "1999.08.03"]
[EventType "swiss"]
[EventRounds "9"]
[EventCountry "POL"]
[SourceTitle "CBM 073"]
[Source "ChessBase"]
[SourceDate "1999.12.01"]
[SourceVersion "1"]
[SourceVersionDate "1999.12.01"]
[SourceQuality "1"]

1. d4 Nf6 2. Nf3 e6 3. c4 c5 4. d5 exd5 5. cxd5 d6 6. Nc3 g6 7. g3 Bg7 8. Bg2
O-O 9. O-O Re8 10. Nd2 b6 $5 {A rare move, which however has never been
convincingly refuted.} ({An even more extravagant, but interesting idea is} 
10... Ng4 $5 11. Nde4 a6 12. Bg5 f6 13. Bf4 Ne5 14. a4 Nf7 15. Nd2 g5 16. Be3
Nd7 17. Nc4 Nde5 18. Nxe5 Nxe5 19. Qc2 f5 20. Bd2 Qf6 21. e3 Nc4 22. Bc1 Bd7
23. Nd1 Ne5 24. f4 gxf4 25. Rxf4 Bh6 26. Rf1 Ng4 27. Ra3 Qe5 28. Bd2 b5 $17 {
|^,Kharitonov,A-Agzamov,G/Sevastopol/1986/}) ({On the other hand, after Black
has already played 9...Re8, the development of his N to a6 is not ideal:} 10...
Na6 $6 11. Nc4 Nc7 12. Bf4 Bf8 13. a4 b6 14. Re1 (14. Qd2 Ba6 15. b3 Nh5 16.
Bg5 f6 17. Bh6 Bxh6 18. Qxh6 b5 19. axb5 Bxb5 20. Qd2 Bxc4 21. bxc4 a5 22. Rfb1
Na6 23. Rb7 Nb4 24. Ne4 Re7 25. Rb5 Rea7 26. h4 f5 27. Ng5 $36 {Pergericht,
D-Derieux,C/Paris/1992/}) 14... Ba6 15. Qb3 Bxc4 16. Qxc4 a6 17. b4 Rb8 18.
bxc5 bxc5 19. Rab1 Qe7 20. Bh3 Nd7 21. Bxd7 Qxd7 22. Ne4 Qf5 23. Nxd6 Qxb1 24.
Rxb1 Rxb1+ 25. Kg2 Rd8 26. Nxf7 Rb4 27. Qa2 Kxf7 28. Bxc7 Rd7 29. d6+ Kf6 30.
Qd5 c4 31. Qf3+ {1-0, Mastrovasilis,A-Bogdanov,E/Chania/1999/}) 11. Nc4 $6 {
[%mdl 4] The text move is too simple and White must look for alternatives to
fight for the opening advantage. Now Black realizes his plan in a model way
and gets an active position.} (11. a4 $142 Ba6 $142 (11... Na6 12. Nc4 Nc7 (
12... Bf8 13. e4 Nb4 14. b3 a6 15. Bg5 h6 16. Bxf6 Qxf6 17. e5 dxe5 18. d6 Ra7
19. Ne4 Qd8 20. Nxb6 Bb7 21. d7 Re6 22. a5 Nc6 23. Na4 $16 {Spassov,L-Schinzel,
W/Polanica Zdroj/1979/}) 13. Bf4 $5 (13. Nxd6 Qxd6 14. Bf4 Qd7 15. d6 Ne6 16.
Bxa8 Nxf4 17. gxf4 Qg4+ 18. Bg2 Qxf4 19. e3 Qe5 20. h3 Rd8 21. Qf3 Bf8 22. Rfd1
Kg7 23. Qa8 Re8 24. Qxa7 Bxd6 25. Rxd6 Qxd6 $11 {Benko,P-Kraidman,Y/Netanya/
1971/}) 13... Bf8 14. Qd2 $36 {-10...Na6!?}) 12. Re1 $5 (12. Nb5 Bxb5 (12...
Nbd7 13. Re1 (13. Nc4 Bxb5 14. axb5 Ne5 15. Nxe5 Rxe5 16. Bf4 Re7 17. Bf3 (17.
Qd3 Qd7 18. Bf3 Ne8 19. Rab1 Nc7 20. b4 Rb8 21. bxc5 bxc5 22. Rfc1 Ree8 23. e4
Nxb5 $17 {Quinteros,M-Granda Zuniga,J/Mar del Plata/1993/}) 17... Ne4 18. Ra4
Qe8 19. Qb3 Bd4 20. Qc2 f5 21. Qb3 Kh8 22. h4 Qd7 23. Kg2 Nf6 24. Rfa1 Ng4 25.
e3 Bg7 26. Ra6 Qc7 27. R1a4 Ne5 28. Be2 Nf7 29. Bd3 Be5 $11 {Seres,L-Meszaros,
A/Szekszard/1995/}) 13... Bxb5 (13... Ne5 14. h3 Nh5 15. Ra3 f5 16. f4 Nf7 17.
e4 Bxb5 18. axb5 Bd4+ 19. Kh2 Qd7 20. exf5 Rxe1 21. Qxe1 Re8 22. Qd1 Qxf5 23.
Nf3 Qxd5 24. Be3 Qc4 25. Nxd4 cxd4 26. Bxd4 $16 {Radashkovich,I-Piasetski,L/
Netanya/1973/}) 14. axb5 Qc7 15. Qb3 Ne5 16. Ra4 Nfd7 17. h3 c4 18. Qd1 Nc5 19.
Ra3 Nb7 20. Ne4 Nc5 21. Nd2 Nb7 $11 22. Kf1 $6 Na5 23. Qc2 Rac8 24. Ne4 Nb3 25.
Bd2 f5 26. Nc3 Qd7 $132 {Burmakin,V-Pigusov,E/St. Petersburg/1998/}) 13. axb5
Nbd7 (13... a5 14. Nc4 (14. e4 Ra7 15. f3 g5 16. Nc4 h6 17. Ne3 Nbd7 18. Nf5
Bf8 19. Ra4 Ne5 20. f4 gxf4 21. gxf4 Ng6 22. b3 Kh7 23. Qd3 Nh5 24. Qh3 Nf6 25.
Bb2 $40 {Beijar,K-Collett,P/Sollentuna/1995/}) 14... Bf8 15. Qc2 Nbd7 16. e4
Ne5 17. Na3 Nfd7 18. f4 Ng4 19. h3 Nh6 20. g4 f6 21. Nc4 Nf7 22. Qf2 Bg7 23.
Bd2 Rf8 24. Qg3 Qc7 25. h4 Rfe8 26. Bc3 {(),->>>,Schmidt,B-Reichenbach,W/
Menden/1974/}) 14. h3 Re7 15. Ra4 Ne8 16. Ne4 Ndf6 17. Nc3 Nc7 18. Qd3 Nd7 19.
f4 a6 20. bxa6 b5 21. Re4 c4 22. Qc2 Nc5 23. Rxe7 Qxe7 24. e4 Rxa6 25. Be3 {
Heemsoth,H-Gligoric,S/Hastings/1959/} b4 26. Nd1 b3 27. Qxc4 Ra4 $36) 12... Qe7
(12... Re7 13. h3 Ne8 14. e4 Nd7 15. Nb5 Bxb5 16. axb5 a6 17. bxa6 b5 18. Nb3
Qb6 19. Bg5 f6 20. Bd2 Rxa6 21. Rxa6 Qxa6 22. Qc2 Qb6 23. Na5 Ne5 24. b4 cxb4
25. Bxb4 $16 {Yuferov,S-Astashin/Grozny/1968/}) 13. Qc2 Ng4 14. Nde4 h6 15. Bf4
Ne5 16. Nb5 Rd8 17. h3 Bb7 18. Nd2 Na6 19. Rad1 Nc7 20. Nxc7 Qxc7 21. b4 Qd7
22. bxc5 bxc5 23. Ne4 f5 24. Nd2 Rf8 25. Bxe5 Bxe5 26. Nc4 Rae8 27. Rb1 $14 {
/<=>,Moulain,J-Derieux,C/Cannes/1990/}) (11. h3 Re7 12. Re1 Bb7 13. a4 Nbd7 14.
Nc4 Ne8 15. e4 Ba6 16. Nb5 Bxb5 17. axb5 Ne5 18. Ne3 c4 19. Bf1 Qd7 20. Nxc4
Nxc4 21. Bxc4 Qxh3 22. Bf1 Qc8 23. Ra4 Rc7 24. b3 Be5 25. Rc4 Rxc4 26. bxc4 Nf6
27. Qd3 Nd7 28. Kh2 Nc5 $11 {Kunsztowicz,U-Scheipl,R/Oberursel/1972/}) 11...
Ba6 12. Qb3 Bxc4 13. Qxc4 a6 (13... Nbd7 14. Qa6 (14. a4 $142) 14... Qe7 15. a4
Nb8 16. Qb5 Nbd7 17. Qa6 Nb8 18. Qb5 Nfd7 19. Bf4 Ne5 20. Bxe5 $6 Bxe5 21. e3
Nd7 22. Qa6 h5 23. Bh3 Nf6 24. Rfd1 h4 $36 {Pizarro,P-Pacheco,D/Cipolletti/
1993/}) 14. a4 {[%cal Gb6b4] White already can't prevent Black's expansion on
the <<.} (14. Qh4 Nbd7 15. Bg5 Qc7 16. e4 b5 17. Rae1 b4 18. Nd1 Rac8 19. Ne3
c4 20. Rc1 c3 21. e5 Rxe5 22. Bxf6 Bxf6 23. Qxb4 Ree8 24. bxc3 Nc5 $44 {
Schiffer,K-Ungnad,R/Voelklingen/1970/}) 14... b5 $1 15. Qd3 (15. Qb3 b4 16. Nd1
a5 17. Ne3 Nbd7 18. Nc4 Nb6 $15 {Almeida,R-Gonzalez Velez,F/Barcelona/1993/}) (
15. axb5 $4 axb5 $19) 15... b4 (15... c4 $5 16. Qc2 b4 17. Nd1 Qc7 18. Ne3 Rc8
19. b3 $2 (19. Bd2 $13) 19... cxb3 20. Qxc7 Rxc7 21. Rb1 a5 22. Rxb3 Nbd7 23.
Rb1 Nb6 {0-1,Kalisvaart,P-Ballo,E/Sas Van Gent opJ/1998/}) 16. Nd1 a5 $1 $146 (
16... Qe7 $6 17. Ne3 Nfd7 18. Nc4 Ne5 19. Nxe5 Qxe5 20. Bf4 Qxe2 21. Qxe2 Rxe2
22. Rae1 Rxe1 23. Rxe1 Nd7 24. Bxd6 Bd4 25. Re7 $16 {Varlotta,A-Estrada
Degrandi,W/URU-ch/1960/}) 17. b3 {After this the initiative gradually passes
over to Black. But even after other moves White has no advantage.} (17. Ne3
Nbd7 18. Nc4 Nb6 $11 {/=/+}) (17. Bf4 Nh5 18. Bd2 Nd7 $36) 17... Ng4 $5 {
Even more energetic, than} (17... Nbd7 18. Nb2 (18. Bb2 Nb6 19. Ne3 (19. e4 c4
$1 20. bxc4 Nfd7 $36) 19... Ng4 $1 $15) 18... Nb6 $15) 18. Bb2 Ne5 19. Qc2 $8 (
19. Qd2 $2 c4 $17) 19... Nbd7 {/\c4} ({Possibly this was the time for the
postional pawn sacrifice, as now White could have got tactical <=>.} 19... c4
$5 $36) 20. f4 $1 (20. Ne3 Nb6 $15 (20... c4 $5 21. Nxc4 Rc8 $44 (21... Nxc4
22. Bxg7 Ne3 23. Qb2 Nxf1 24. Rxf1 $132))) 20... Ng4 21. Bxg7 Kxg7 {[%cal
Rg4e3] /\Ne3} 22. e4 $8 Qf6 (22... Qb6 23. Kh1 $13) 23. Rc1 Qd4+ 24. Kh1 Ndf6
25. Qe2 $6 {Now Black gets a large advantage. A much better chance was} (25. h3
$142 Nh5 $5 (25... Ne3 26. Nxe3 Qxe3 27. e5 dxe5 28. Rf3 Qe4 29. Rd3 $1 $36)
26. Rf3 (26. hxg4 Nxg3+ 27. Kh2 Nxf1+ 28. Bxf1 Rxe4 $19) 26... Rxe4 27. hxg4
Re1+ 28. Kh2 Nf6 29. g5 Qg1+ 30. Kh3 Ne4 $1 $44 {/\} 31. Qd3 Rh8 32. Rf1 h6 $3
$40) 25... Nxe4 $1 26. Qxg4 (26. Bxe4 $2 Qxe4+ $19) 26... Nd2 27. Nf2 (27. Rg1
Nxb3 $17 {[%csl Gb4,Gc5] /-+,o^b,c,}) 27... Nxf1 (27... Nxb3 $2 28. Rcd1 $36)
28. Rxf1 $17 {[%csl Rb3,Rd5][%cal Ge8e1] ><b3,d5,<->e} Re3 (28... f5 $142 $5
29. Qh4 Qf6 $36 (29... Re2 30. Bf3 Rxf2 $2 31. Rxf2 Qxf2 32. Qe7+ $11)) 29. Qd7
Rae8 (29... Rxb3 30. Ne4 $132) 30. Ng4 $1 (30. Qxd6 Re1 31. Nh3 (31. Kg1 R8e2 {
/\Qf2-+}) (31. Ng4 R8e2 $40 {[%cal Rh7h5,Rd4f2] /\h5,Qf2-+}) 31... c4 $1 $19 {
[%csl Gb4] o^b}) 30... Re1 31. Ne5 $8 Rxf1+ 32. Bxf1 Qxd5+ 33. Kg1 $8 Qd4+ $1 (
33... Qe6 $2 34. Qxe6 Rxe6 35. Nc4 d5 36. Nxa5 Re3 37. Kf2 Rc3 38. Bb5 $14) 34.
Kg2 Rf8 35. Nc4 (35. Nc6 Qb2+ $19) 35... Qe4+ 36. Kf2 d5 37. Nd2 (37. Nxa5 $143
Re8 $40) 37... Qe6 {Despite White's valliant efforts his position remains very
difficult, as Black's pawns are too strong and if White manages to avoid an
exchange of Q, he risks falling under an attack.} 38. Bb5 $5 (38. Qa7 $2 Re8
39. Qxc5 Qe1+ $19) (38. Qxe6 $142 fxe6 39. Ke3 $17 {/=/+}) 38... Qf6 $1 39. Qc7
(39. Qxd5 $2 Rd8) 39... Qd4+ 40. Ke2 Qg1 41. Nf1 (41. Qe5+ $5 f6 $5 (41... Kg8
42. Nf1 Qg2+ 43. Ke1 $15 {/\Ne3<=>}) 42. Qxd5 Qxh2+ 43. Kd1 Qxg3 $17) 41...
Qg2+ 42. Ke1 Qe4+ 43. Kf2 Qd4+ 44. Ke2 c4 $1 45. bxc4 b3 46. Nd2 ({The last
slim chance was} 46. cxd5 $5 b2 (46... Qe4+ 47. Ne3 $1 b2 $2 48. Qc3+ $18) 47.
Qc2 Rc8 48. Bc6 Rc7 49. Nd2 Re7+ 50. Kf1 Qxd2 51. Qxd2 b1=Q+ $17) 46... b2 {
[%cal Rd4d2] /\Qd2-+} 47. Qe5+ Qxe5+ 48. fxe5 dxc4 49. Bxc4 Rc8 50. Ba2 $8 (50.
Kd3 $4 Rd8+ 51. Kc2 Rxd2+) 50... Rc3 51. Bb1 Kf8 $19 {Although White has won
one pawn back, his pieces are paralyzed and Black's R+Pb2 dominate.} 52. Ne4 (
52. Ba2 Ra3 $19) 52... Rc1 (52... Rc4 {is also sufficient, but the text is
more merciless.}) 53. Nd2 Ke7 $22 54. Kd3 (54. Ba2 Ra1 $19) (54. Be4 Ke6 $19)
54... h5 $1 55. Bc2 Rh1 {׻} 56. Kc3 Rxh2 57. Ne4 Rg2 58. Kxb2 Ke6 59. Ng5+ (
59. Kc3 Kxe5 {/\Rc2,f5}) 59... Kxe5 60. Nxf7+ Kd5 61. Kc1 Rxg3 62. Kd1 h4 {
[%csl Gh4] o^h} 0-1

[Event "EU-chT (Men) 12th"]
[Site "Batumi"]
[Date "1999.12.06"]
[Round "8.2"]
[White "Nikolic, Predrag"]
[Black "Hracek, Zbynek"]
[Result "1-0"]
[WhiteElo "2641"]
[BlackElo "2629"]
[Annotator "Stohl,I"]
[PlyCount "82"]
[EventDate "1999.11.06"]
[EventType "team-swiss"]
[EventRounds "9"]
[EventCountry "GEO"]
[SourceTitle "CBM 074"]
[Source "ChessBase"]
[SourceDate "2000.02.01"]
[SourceVersion "1"]
[SourceVersionDate "2000.02.01"]
[SourceQuality "1"]
[WhiteTeam "Bosnia&Herzegovina"]
[BlackTeam "Czech Republic"]
[WhiteTeamCountry "BIH"]
[BlackTeamCountry "CZE"]

1. d4 Nf6 2. c4 e6 3. Nf3 c5 4. d5 exd5 5. cxd5 d6 6. Nc3 g6 7. g3 Bg7 8. Bg2
O-O 9. O-O Re8 10. Bf4 $5 {A tricky move, which requires an accurate reaction
from Black.} a6 (10... Ne4 11. Nxe4 Rxe4 12. Nd2 Rb4 (12... Rb4 13. a3 Rxf4 14.
gxf4 Bxb2 15. Ra2 Bg7 16. a4 Na6 (16... Qh4 17. e3 Na6 18. Nc4 Nb4 19. Ra3 Qf6
20. Qd2 Bh6 21. Rb1 $14 {Vucic,M-Ashley,M/New York op/1990/}) 17. Nc4 Nb4 18.
Ra3 b6 19. Qc1 Bh6 20. Re1 Qf6 21. e3 Ba6 22. Rd1 Rb8 23. Nd2 Bd3 24. Rxd3 Nxd3
25. Ne4 Nxc1 26. Nxf6+ Kg7 27. Ne4 Ne2+ 28. Kf1 Nxf4 29. exf4 Bxf4 $44 {
Budnikov,A-Gogichaishvili,G/Khabarovsk/1990/})) (10... Nh5 11. Bg5 Qd7 (11...
Qb6 12. Qc1 Na6 (12... Bd7 13. Bh6 Qd8 14. Bxg7 Kxg7 15. Nd2 b5 16. Nce4 Bf5
17. b4 cxb4 18. Qb2+ Nf6 19. Qxb4 Bxe4 20. Nxe4 Nxe4 21. Bxe4 a5 22. Qb2+ Qf6
23. Qxb5 Nd7 24. Bg2 Nc5 25. Rab1 $14 {Kachiani Gersinska,K-Dinstuhl,V/
Bundesliga/1996/}) 13. Bh6 Bh8 14. Nd2 Nc7 15. Bf3 Nf6 16. Nc4 Qa6 17. Qf4 Bh3
18. Rfd1 Rad8 19. a4 Bf5 20. g4 Bc2 21. Nb5 Nxb5 22. axb5 Qxb5 23. Rd2 Be4 24.
Nxd6 $18 {Alburt,L-Gurevich,D/USA-ch Estes Park/1985/}) 12. Qb3 (12. a4 Na6 13.
Re1 b6 14. e4 Nb4 15. Bf1 Ba6 16. Bxa6 Nxa6 17. Nd2 h6 18. Be3 Nc7 19. Nc4 $2
Bxc3 20. bxc3 Rxe4 21. Nd2 Re7 22. Bxh6 Rxe1+ 23. Qxe1 Re8 24. Qd1 Nxd5 25. Qf3
Ndf6 26. c4 Ng4 $17 {Juergens,V-Maus,S/Copenhagen/1990/}) 12... h6 13. Bc1 Na6
14. Re1 Rb8 15. Nb5 $1 b6 16. Bd2 Nf6 17. Bf4 Re4 18. a4 Rb4 19. Qc2 Nxd5 20.
Bxd6 Rxb5 21. axb5 Nab4 22. Qd2 Qxd6 23. e4 Be6 24. exd5 Qxd5 25. Qf4 Rf8 26.
Red1 Qb3 27. Rd2 Bf5 28. Ra3 Qe6 29. Bf1 $16 {Blees,A-Maus,S/Tel Aviv/1987/}) (
10... Qb6 $142 $5 11. Rc1 Nh5 12. Bd2 Bg4 13. h3 Bxf3 14. Bxf3 Nf6 15. g4 h6
16. Rb1 Nbd7 17. Bg2 a6 18. b4 cxb4 19. Na4 Qc7 20. Bxb4 b5 21. Nc3 Qb6 22. e3
a5 23. Ba3 b4 $36 {Vaulin,A-Tunik,G/Naberezhnie Chelni/1988/}) 11. a4 Ne4 12.
Nxe4 Rxe4 13. Nd2 Rb4 (13... Rxf4 14. gxf4 Bxb2 15. Rb1 Bg7 16. Nc4 b5 17. axb5
axb5 18. Rxb5 Ba6 19. Ra5 (19. Qa4 Bxb5 20. Qxa8 Bc3 21. Rc1 Bb4 22. e4 Qc7 23.
e5 Bxc4 24. Rxc4 Kg7 25. e6 {1-0,Cech,P-Stodola,J/CZE-ch Prague/1994/}) 19...
Nd7 20. Qa4 Nb6 21. Nxb6 Qxb6 22. Qa2 Bc3 23. Ra4 Kg7 24. Rb1 Qa7 25. e3 c4 26.
Bf1 Bf6 27. Qa3 {1-0,Hulak,K-Bonin,J/New York op/1989/}) 14. Ra2 $1 (14. Ne4 h6
$1 15. Ra2 Bh3 16. Bxh3 Rxe4 17. a5 Qc7 18. Qc2 Re7 19. Rc1 b5 20. axb6 Qxb6
21. Qc4 Nd7 22. Bxd7 Rxd7 23. Rca1 a5 24. Bd2 Rda7 25. Bc3 h5 26. Ra4 Qd8 27.
h4 Bf6 28. R1a3 Kg7 29. Kg2 Qe7 30. e3 $11 {1/2,Adorjan,A-Armas,I/Bundesliga/
1990/}) 14... Qe7 $6 (14... g5 $5 15. Be3 f5 (15... Rxb2 16. Rxb2 Bxb2 17. Nc4
Bg7 18. Qb3 b5 19. axb5 axb5 20. Qxb5 $16 {Kutsyk,I-Kostjukov,A/Alushta/1998/})
(15... Bf5 16. Qc1 Nd7 17. Nc4 Qf6 18. Bd2 Rc8 19. Nxd6 $1 $18 {Kachiani
Gersinska,K-Lagunow,A/Berlin/ 1999/}) 16. Nf3 h6 (16... f4 17. Bd2 a5 18. Qc2
Bg4 19. Bxb4 axb4 20. gxf4 gxf4 21. Qe4 Qf6 22. Qe8+ Qf8 23. Qb5 Qe7 24. b3 $16
{Sosonko,G-Wockenfuss,K/Bad Lauterberg/1977/}) 17. Qc1 (17. b3 Qb6 18. Bd2 Rxb3
19. Ba5 Qxa5 20. Qxb3 Nd7 21. h4 g4 22. Nd2 Ne5 23. Rb1 Rb8 24. Qb6 Qxb6 25.
Rxb6 Bf8 26. Rab2 Nd7 27. R6b3 Be7 $14 {Volkov,S-Bratchenko,A/Novgorod op/1997/
}) 17... Qf6 18. h4 g4 (18... gxh4 19. Nxh4 b5 20. axb5 Rxb5 21. Bh3 a5 22. Bd2
Na6 23. Bc3 Qg5 24. Rxa5 Rxa5 25. Bxa5 Qxc1 26. Rxc1 Bxb2 27. Rb1 Rb8 28. Bxf5
Bxf5 29. Nxf5 $18 {Sosonko,G-Hulak,K/Surakarta/1982/}) 19. Nd2 Nd7 20. Nc4 b5
21. axb5 Rxb5 22. Bf4 Ne5 23. Bxe5 dxe5 24. e4 f4 25. Rd1 Rb4 26. Ra5 Bd7 27.
Rxc5 Rf8 $44 {Ruck,R-Vaulin,A/Paks/1999/}) (14... Bxb2 15. Qc2 Bg7 16. Nc4 Qf6
17. Nxd6 Rxf4 18. Nxc8 Nd7 19. Ne7+ Qxe7 20. gxf4 Rc8 21. Qc4 Nb6 22. Qb3 Qd6
23. a5 Nd7 24. Qxb7 $18 {Rechlis,G-Plaskett,J/Netanya/1987/}) 15. b3 g5 (15...
Be5 16. Bxe5 Qxe5 17. Nc4 Qe7 18. e4 Nd7 19. f4 Nb6 20. Nxb6 Rxb6 21. Re1 f6
22. Bf1 Bd7 23. Bc4 Kh8 24. a5 Rb4 25. e5 Bb5 26. exd6 Qxd6 27. Re6 $16 {
Gleizerov,E-Gurevich,V/Uzhgorod/1988/}) 16. Be3 Bd4 (16... b5 17. axb5 Bb7 18.
b6 Bd4 19. Bxd4 Rxd4 20. Ra4 $16 {Ulibin,M-Mrdja,M/Padova op/1999/}) 17. Bxd4
Rxd4 18. e3 Rb4 19. Nc4 $16 {[%csl Rb4,Rd6,Rf5,Rh5] ><d6,>> The opening didn't
go well for Black, his R is out of play and he has problems finishing his
development due to his numerous weaknesses.} Nd7 {/\Ne5} (19... b5 $2 20. Nb6
$18) 20. f4 $1 (20. a5 Ne5 21. Nb6 Rb8 22. f4 Bg4 $132) 20... Rb8 (20... b5 21.
axb5 Rxb5 22. e4 $40) 21. Qd3 g4 (21... b5 22. Na5 $1 $16) 22. Rd1 (22. a5 $16)
(22. e4 $16) 22... Nf8 23. Qc3 {White is starting to surround the unhappy Rb4.
It's instructive to watch how Nikolic deprives Black of any effective <=>.} Bd7
$6 {Probably the decisive mistake.} ({The last chance was} 23... b5 $142 24.
axb5 (24. Na5 Bd7 25. Nc6 Bxc6 26. dxc6 bxa4 $13) 24... R8xb5 25. Ra3 Nd7 26.
e4 $36) 24. e4 b5 25. axb5 axb5 (25... Bxb5 26. Ne3 {[%cal Re3f5,Re3g4] /\Ng4,
Nf5+-}) 26. Ne3 $18 {/\Re1,Nc2} Rxe4 $8 27. Bxe4 Qxe4 28. Re1 Re8 (28... b4 29.
Qf6 Qg6 30. Qxg6+ hxg6 31. Nc4 $18) 29. Qf6 Qg6 30. Qxg6+ hxg6 31. Ra6 c4 32.
b4 $1 Kg7 33. Kf2 $1 (33. Rxd6 Ra8 $16) 33... Nh7 34. Nd1 $1 Rh8 35. Nc3 Nf6
36. Kg1 Rd8 37. Re2 {White prepares to capture either Pd6 or Pb5 only after he
occupies the a-file with both R.} (37. Rxd6 Ra8 $16) 37... Bf5 38. Ra5 Rb8 (
38... Bd3 39. Re7 $18) 39. Kf2 Bd3 (39... Rh8 40. Ke3 Bd3 41. Rea2 Re8+ 42. Kd4
Ne4 43. Nxb5 $18) 40. Re7 Ng8 41. Rea7 Bc2 (41... Bc2 42. Rxb5 Re8 43. Rbb7 $18
) (41... Nf6 42. Ra8 Rb7 43. R5a7 Rb6 44. Ra6 $18) 1-0

[Event "URS-ch U26"]
[Site "Minsk"]
[Date "1990.??.??"]
[Round "?"]
[White "Akopian, Vladimir Eduardovic"]
[Black "Shabalov, Alexander"]
[Result "1/2-1/2"]
[WhiteElo "2550"]
[BlackElo "2465"]
[Annotator "Wahls,M"]
[PlyCount "82"]
[EventDate "1990.01.??"]
[EventType "tourn"]
[EventRounds "13"]
[EventCountry "URS"]
[EventCategory "10"]
[SourceTitle "CBM 017"]
[Source "ChessBase"]
[SourceDate "1990.08.01"]
[SourceVersion "1"]
[SourceVersionDate "1990.08.01"]
[SourceQuality "1"]

1. d4 Nf6 2. c4 c5 3. d5 e6 4. Nc3 exd5 5. cxd5 d6 6. Nf3 g6 7. g3 Bg7 8. Bg2
O-O 9. O-O Re8 10. Nd2 Nbd7 11. h3 Nh5 {Der Plan 11...Nh5/...Ne5 ohne
vorherige Einschaltung von ...a6/a4 ist bemerkenswert, da dem Weißen in
gewissen Varianten der Vorstoß a4-a5 nicht zur Verfügung steht.} 12. Nde4 (12.
Nc4 Ne5) 12... Ndf6 13. g4 Nxe4 14. Nxe4 f5 15. Nxd6 Qxd6 16. gxh5 f4 17. hxg6
hxg6 18. Qb3 g5 19. Re1 g4 20. hxg4 Bxg4 21. Qc4 Bd4 22. Bd2 Qg6 23. d6+ Kh8
24. Bc3 Bh3 25. Bxd4+ cxd4 26. Qxd4+ Kh7 27. Qd3 Qxd3 28. exd3 Rg8 29. Re7+ Kh6
30. Kh2 Bxg2 31. Rae1 Bc6 32. b4 Rg6 33. b5 Bd5 34. d7 Rd8 35. Rc1 Rd6 36. Rc7
Kg5 37. Kg1 Kf6 38. Rh7 Rg8+ 39. Kf1 Bg2+ 40. Ke2 Rd8 41. f3 Ke6 1/2-1/2